| 000 | 01162nam a2200361 i 4500 | ||
|---|---|---|---|
| 001 | 000000101 | ||
| 003 | DO-SdBPM | ||
| 005 | 20260520105120.0 | ||
| 007 | ta | ||
| 008 | 081031t2008 dr r 001 0 spa d | ||
| 020 | _a9501255050 | ||
| 040 |
_aDO-SdBPM _bspa _cBPMSU _erda |
||
| 082 | 0 | 4 |
_a372.3 _bA654c 2008 _222 |
| 092 | _2 | ||
| 245 | 0 | 0 |
_aAprendiendo con tecnología / _c Chris Dede (Compilador) ; traducción Gloria Vitale. |
| 264 |
_aBuenos Aires Argentina : _bPaidós, _c2000 |
||
| 300 |
_a285 páginas ; _c23 cm. |
||
| 336 |
_2rdacontent _atexto _btxt |
||
| 337 |
_2rdamedia _asin mediación _bn |
||
| 338 |
_2rdacarrier _avolumen _bnc |
||
| 490 | 0 |
_aRedes en educación ; _v5 |
|
| 500 | _a | ||
| 504 | _aIncluye bibliografías. | ||
| 534 |
_pTítulo original. _tLearning with technology. |
||
| 590 | _aInventariado, 2026/VM | ||
| 650 | 7 |
_aEducación tecnológica. _x |
|
| 650 | 7 |
_aTecnología de la información y educación _x |
|
| 650 | 7 |
_aInnovaciones educativas. _x |
|
| 650 | 7 | _aConstructivismo (Educación) | |
| 700 | 1 |
_a Dede, Chris _ecompilador |
|
| 910 | _aVMateo V. Control de calidad BPMSU | ||
| 942 |
_2ddc _cBK |
||
| 999 |
_c15855 _d15855 |
||